Chemistry for Restoration Painting and Restoration Materials
Saved in:
| Main Authors: | , , |
|---|---|
| Format: | Book |
| Language: | English |
| Published: |
Florencia
Nardini Editore
2016
|
| Online Access: | View in OPAC |
| Tags: |
No Tags, Be the first to tag this record!
|
MARC
| LEADER | 00000nam a2200000 a 4500 | ||
|---|---|---|---|
| 005 | 20260127134321.0 | ||
| 008 | 161014 2016 a i 000 0 eng d | ||
| 020 | |a 9788840444505 | ||
| 035 | |a vtls011586381 | ||
| 039 | 9 | |y 201610141118 |z mschk03 | |
| 040 | |a STUSCHK1 |b slo |c STUSCHK1 |e AACR2 | ||
| 100 | 1 | |a Matteini, Mauro | |
| 245 | 1 | |a Chemistry for Restoration |b Painting and Restoration Materials |c Mauro Matteini, Rocco Mazzeo, Arcangelo Moles | |
| 260 | |a Florencia |b Nardini Editore |c 2016 | ||
| 300 | |a xxv, 343 s. |b il. |c 24 cm | ||
| 700 | 1 | |a Mazzeo, Rocco |4 aut | |
| 700 | 1 | |a Moles, Arcangelo |4 aut | |
| 910 | |a SCHK95 | ||
| 919 | |a 978-88-404-4450-5 | ||
| 999 | |c 9664 |d 9664 | ||